[Event "Frankfurt-chA"]
[Site "Frankfurt"]
[Date "2018.06.04"]
[Round "5"]
[White "Waschke, Thomas"]
[Black "Stricker, Konstantin"]
[Result "0-1"]
[WhiteElo "1531"]
[BlackElo "1645"]
[PlyCount "54"]
[EventDate "2018.04.30"]
[EventType "swiss"]
[EventRounds "7"]
[EventCountry "GER"]
[SourceTitle "EXT 2019"]
[Source "ChessBase"]
[SourceDate "2018.10.10"]
[SourceVersion "1"]
[SourceVersionDate "2018.10.10"]
[SourceQuality "1"]

1. e4 e6 2. d4 d5 3. e5 c5 4. c3 Nc6 5. Nf3 a6 6. Be2 b5 7. Be3 cxd4 8. cxd4 Nge7 9. Bd3 Nb4 10. Nc3 Nxd3+ 11. Qxd3 Nc6 12. a3 Be7 13. 0-0 0-0 14. Nd2 b4 15. axb4 Nxb4 16. Qb1 a5 17. Na2 Ba6 18. Nxb4 Bxb4 19. Rc1 Qb6 20. Qa2 Bxd2 21. Bxd2 Bc4 22. Rxc4 dxc4 23. Qxc4 Rfc8 24. Qa4 Qxb2 25. Be3 h6 26. Bf4 Rc3 27. Re1 Rc2 0-1

[Event "Rhein Main op-B 18th"]
[Site "Bad Homburg"]
[Date "2015.06.07"]
[Round "7"]
[White "Hildebrand, Georg"]
[Black "Waschke, Thomas"]
[Result "1/2-1/2"]
[WhiteElo "1611"]
[BlackElo "1739"]
[PlyCount "57"]
[EventDate "2015.06.03"]
[EventType "swiss"]
[EventRounds "7"]
[EventCountry "GER"]
[SourceTitle "CBM 167 Extra"]
[Source "ChessBase"]
[SourceDate "2015.09.14"]
[SourceVersion "1"]
[SourceVersionDate "2015.09.14"]
[SourceQuality "1"]

1. c4 e5 2. a3 d6 3. Nc3 Nf6 4. e4 Nc6 5. f3 Be6 6. d3 Be7 7. Nge2 Qd7 8. Nd5 Bxd5 9. cxd5 Nd4 10. Nxd4 exd4 11. b4 c5 12. dxc6 bxc6 13. Bb2 c5 14. Be2 Rb8 15. 0-0 0-0 16. Qd2 Rfc8 17. Rfc1 Qb7 18. Rab1 Qa8 19. Ba1 Nd7 20. b5 a6 21. a4 axb5 22. axb5 f6 23. Rc2 Nb6 24. Ra2 Qb7 25. Rbb2 Ra8 26. Rxa8 Rxa8 27. Ra2 d5 28. Rxa8+ Qxa8 29. Qd1 1/2-1/2

[Event "Karl Mala Memorial op-B 17th"]
[Site "Frankfurt"]
[Date "2014.08.03"]
[Round "7"]
[White "Lehmann, Gerit"]
[Black "Waschke, Thomas"]
[Result "1-0"]
[WhiteElo "1675"]
[BlackElo "1526"]
[PlyCount "111"]
[EventDate "2014.07.31"]
[EventType "swiss"]
[EventRounds "7"]
[EventCountry "GER"]
[SourceTitle "EXT 2015"]
[Source "ChessBase"]
[SourceDate "2014.11.20"]
[SourceVersion "1"]
[SourceVersionDate "2014.11.20"]
[SourceQuality "1"]

1. d4 d5 2. c4 e6 3. Nc3 Nf6 4. Bf4 c6 5. e3 Nbd7 6. h3 Bb4 7. Qb3 Qa5 8. Rc1 Ne4 9. a3 Be7 10. cxd5 exd5 11. Bd3 Ndf6 12. f3 Nxc3 13. Rxc3 0-0 14. g4 h6 15. h4 Ne8 16. Qc2 Qd8 17. Qh2 Bd7 18. g5 h5 19. Be5 Rc8 20. Nh3 Be6 21. Nf4 Bd6 22. Nxh5 Qc7 23. Bxd6 Qxd6 24. Qxd6 Nxd6 25. Nf4 Rce8 26. Kf2 Bf5 27. h5 Bxd3 28. Nxd3 Re7 29. Ne5 Rfe8 30. h6 g6 31. Ng4 Rd8 32. Nf6+ Kh8 33. Re1 Ne8 34. Ng4 Re6 35. Ne5 Nd6 36. b4 Rc8 37. Rc5 Kh7 38. Ng4 Nc4 39. b5 Nxa3 40. bxc6 bxc6 41. Nf6+ Kh8 42. Nxd5 Rb8 43. Nf4 Rd6 44. Rec1 Rb6 45. Nd3 f6 46. gxf6 Rxf6 47. Ne5 Rb2+ 48. Kg3 Rb3 49. R1c3 Rxc3 50. Rxc3 Nb5 51. Rxc6 Rxc6 52. Nxc6 Kh7 53. Kf4 Kxh6 54. Ke5 Kg7 55. Ke6 Nc7+ 56. Kd7 1-0

[Event "Karl Mala Memorial op-B 17th"]
[Site "Frankfurt"]
[Date "2014.08.02"]
[Round "4"]
[White "Waschke, Thomas"]
[Black "Libuda, Thomas"]
[Result "0-1"]
[WhiteElo "1526"]
[BlackElo "1937"]
[PlyCount "76"]
[EventDate "2014.07.31"]
[EventType "swiss"]
[EventRounds "7"]
[EventCountry "GER"]
[SourceTitle "EXT 2015"]
[Source "ChessBase"]
[SourceDate "2014.11.20"]
[SourceVersion "1"]
[SourceVersionDate "2014.11.20"]
[SourceQuality "1"]

1. e4 d6 2. d4 g6 3. f4 Bg7 4. e5 dxe5 5. fxe5 Nc6 6. Nf3 Bg4 7. Be3 Bxf3 8. gxf3 Nh6 9. Bb5 0-0 10. Bxc6 bxc6 11. c3 Nf5 12. Bf2 e6 13. Na3 Qg5 14. Ke2 Bh6 15. Rg1 Qf4 16. Rg2 Ne3 17. Bxe3 Qxe3+ 18. Kf1 f6 19. Nc4 Qf4 20. Qe2 Rab8 21. Rb1 Bg7 22. Rg4 Qh6 23. exf6 Rxf6 24. Ne5 Rbf8 25. Kg2 Qh5 26. Rf1 Rf4 27. Rxf4 Rxf4 28. Nxc6 Qg5+ 29. Kh1 Qf6 30. Nxa7 e5 31. dxe5 Qe6 32. b3 Bxe5 33. Rd1 Rh4 34. Rd2 Rxh2+ 35. Qxh2 Bxh2 36. Rxh2 Qe1+ 37. Kg2 Qe2+ 38. Kg3 Qa6 0-1

[Event "Rhein Main op-B 16th"]
[Site "Bad Homburg"]
[Date "2013.06.01"]
[Round "5"]
[White "Ross, Norbert"]
[Black "Waschke, Thomas"]
[Result "0-1"]
[WhiteElo "1734"]
[BlackElo "1467"]
[PlyCount "76"]
[EventDate "2013.05.29"]
[EventType "swiss"]
[EventRounds "7"]
[EventCountry "GER"]
[SourceTitle "EXT 2014"]
[Source "ChessBase"]
[SourceDate "2013.11.20"]
[SourceVersion "1"]
[SourceVersionDate "2013.11.20"]
[SourceQuality "1"]

1. d4 d5 2. c4 e6 3. Nc3 Nf6 4. Bg5 Be7 5. Nf3 c6 6. e3 Nbd7 7. Rc1 0-0 8. Bd3 Re8 9. 0-0 a6 10. Qc2 b5 11. c5 Nf8 12. Ne5 Bb7 13. f4 N6d7 14. Bxe7 Qxe7 15. Rf3 f5 16. Nd1 a5 17. Nf2 Nxe5 18. fxe5 Bc8 19. Rf1 h5 20. Kh1 Nh7 21. Rh3 g6 22. g4 Ng5 23. Rg3 hxg4 24. Nxg4 fxg4 25. Bxg6 Rf8 26. Rfg1 Nh3 27. Rxh3 gxh3 28. Qe2 Qh4 29. Bd3+ Kh8 30. Rg6 Bd7 31. Rg4 Qh6 32. Rg6 Qh4 33. Rg4 Qf2 34. Rg8+ Kxg8 35. Qg4+ Kf7 36. Bg6+ Ke7 37. Qg5+ Rf6 38. exf6+ Qxf6 0-1

[Event "Frankfurt-ch"]
[Site "Frankfurt"]
[Date "2010.06.14"]
[Round "7"]
[White "Miller, Justin"]
[Black "Waschke, Thomas"]
[Result "1/2-1/2"]
[WhiteElo "1311"]
[BlackElo "1641"]
[PlyCount "42"]
[EventDate "2010.04.26"]
[EventType "swiss"]
[EventRounds "7"]
[EventCountry "GER"]
[SourceTitle "EXT 2011"]
[Source "ChessBase"]
[SourceDate "2010.11.26"]
[SourceVersion "1"]
[SourceVersionDate "2010.11.26"]
[SourceQuality "1"]

1. e4 e5 2. Nf3 Nc6 3. d4 exd4 4. Bc4 Be7 5. 0-0 d6 6. Nxd4 Ne5 7. Bb3 Nf6 8. Nc3 0-0 9. f4 Ng6 10. h3 Nd7 11. Be3 Nc5 12. Bc4 Bf6 13. Nde2 Nd7 14. Qd2 Ne7 15. Rad1 Nc6 16. a3 a6 17. Kh1 b5 18. Bd5 Bb7 19. b4 Rb8 20. Nd4 Nxd4 21. Bxd4 Re8 1/2-1/2

[Event "Frankfurt-ch"]
[Site "Frankfurt"]
[Date "2010.06.07"]
[Round "6"]
[White "Waschke, Thomas"]
[Black "Willenbring, Jens Dirk"]
[Result "1/2-1/2"]
[WhiteElo "1641"]
[BlackElo "1397"]
[PlyCount "71"]
[EventDate "2010.04.26"]
[EventType "swiss"]
[EventRounds "7"]
[EventCountry "GER"]
[SourceTitle "EXT 2011"]
[Source "ChessBase"]
[SourceDate "2010.11.26"]
[SourceVersion "1"]
[SourceVersionDate "2010.11.26"]
[SourceQuality "1"]

1. e4 e5 2. Nf3 d6 3. d4 exd4 4. Nxd4 Nf6 5. Nc3 Be7 6. Bc4 Bd7 7. 0-0 Nc6 8. Nb3 Ne5 9. Be2 Bg4 10. f3 Be6 11. Nd4 Bc4 12. b3 Bxe2 13. Qxe2 Qd7 14. Rd1 0-0-0 15. Bb2 g5 16. Nf5 Qe8 17. a4 Rg8 18. g4 h5 19. h3 hxg4 20. fxg4 Ng6 21. Nd5 Nxd5 22. exd5 Bf8 23. Qf3 Nf4 24. Re1 Qd7 25. Re3 Re8 26. Rae1 Rxe3 27. Qxe3 b6 28. Qe8+ Qxe8 29. Rxe8+ Kd7 30. Ra8 a5 31. Bf6 Nxd5 32. Bxg5 Rxg5 33. Rxf8 Ke6 34. Re8+ Kd7 35. Rf8 Ke6 36. Re8+ 1/2-1/2

[Event "Frankfurt-ch"]
[Site "Frankfurt"]
[Date "2010.04.26"]
[Round "1"]
[White "Reschke, Thomas"]
[Black "Waschke, Thomas"]
[Result "1-0"]
[WhiteElo "2184"]
[BlackElo "1641"]
[PlyCount "35"]
[EventDate "2010.04.26"]
[EventType "swiss"]
[EventRounds "7"]
[EventCountry "GER"]
[SourceTitle "EXT 2011"]
[Source "ChessBase"]
[SourceDate "2010.11.26"]
[SourceVersion "1"]
[SourceVersionDate "2010.11.26"]
[SourceQuality "1"]

1. c4 Nf6 2. g3 g6 3. Bg2 d6 4. Nc3 Bg7 5. e4 0-0 6. Nge2 e5 7. 0-0 c6 8. d3 a6 9. h3 b5 10. Be3 Nbd7 11. f4 Bb7 12. Qd2 Qe7 13. f5 bxc4 14. dxc4 c5 15. g4 Ne8 16. g5 f6 17. Nd5 Bxd5 18. Qxd5+ 1-0

[Event "Hessen-ch Gr-D 64th"]
[Site "Bad Vilbel"]
[Date "2010.04.03"]
[Round "4"]
[White "Rennhack, Peer"]
[Black "Waschke, Thomas"]
[Result "1-0"]
[WhiteElo "1674"]
[BlackElo "1612"]
[PlyCount "63"]
[EventDate "2010.03.31"]
[EventType "swiss"]
[EventRounds "5"]
[EventCountry "GER"]
[SourceTitle "EXT 2011"]
[Source "ChessBase"]
[SourceDate "2010.11.26"]
[SourceVersion "1"]
[SourceVersionDate "2010.11.26"]
[SourceQuality "1"]

1. e4 e5 2. Nf3 Nc6 3. Bb5 a6 4. Ba4 Nf6 5. 0-0 b5 6. Bb3 Be7 7. Re1 0-0 8. c3 Bb7 9. d4 d6 10. Nbd2 h6 11. Nf1 Na5 12. Bc2 exd4 13. cxd4 c5 14. d5 Nc4 15. Ng3 Bc8 16. b3 Ne5 17. Nxe5 dxe5 18. f4 Bd6 19. f5 Bd7 20. Kh1 Rc8 21. a4 b4 22. Bd3 a5 23. Rf1 Qe7 24. Nh5 Nxh5 25. Qxh5 f6 26. Rf3 Be8 27. Qg4 Kh7 28. Rh3 Rg8 29. Bb5 Qf7 30. Be2 Bf8 31. d6 Rd8 32. Bc4 1-0

[Event "Hessen-ch Gr-D 64th"]
[Site "Bad Vilbel"]
[Date "2010.04.03"]
[Round "3"]
[White "Waschke, Thomas"]
[Black "Koch, Thomas2222"]
[Result "1/2-1/2"]
[WhiteElo "1612"]
[BlackElo "1567"]
[PlyCount "98"]
[EventDate "2010.03.31"]
[EventType "swiss"]
[EventRounds "5"]
[EventCountry "GER"]
[SourceTitle "EXT 2011"]
[Source "ChessBase"]
[SourceDate "2010.11.26"]
[SourceVersion "1"]
[SourceVersionDate "2010.11.26"]
[SourceQuality "1"]

1. e4 e6 2. d4 d5 3. e5 c5 4. c3 Nc6 5. Nf3 Qb6 6. a3 Nh6 7. b4 cxd4 8. cxd4 Nf5 9. Bb2 Bd7 10. Be2 Be7 11. 0-0 0-0 12. Qd3 f6 13. Nbd2 a6 14. Nb3 fxe5 15. dxe5 Na7 16. Nbd4 Nc6 17. Rac1 Rac8 18. Rc2 Ncxd4 19. Nxd4 Rxc2 20. Nxc2 Bb5 21. Qd2 Bxe2 22. Qxe2 Rc8 23. Ne1 Nd4 24. Qd3 Rc4 25. Bxd4 Qxd4 26. Qxd4 Rxd4 27. Nf3 Rc4 28. Rd1 a5 29. bxa5 Bxa3 30. Ng5 Rc6 31. Rb1 h6 32. Nf3 Rc1+ 33. Rxc1 Bxc1 34. Nd4 Kf7 35. Nb3 Ba3 36. f4 Kg6 37. Kf2 Bb4 38. Kf3 h5 39. h3 Kf7 40. g4 hxg4+ 41. hxg4 Bc3 42. Kg3 g5 43. Kf3 gxf4 44. Kxf4 Kg6 45. Nc5 Bxa5 46. Nxb7 Bd2+ 47. Kf3 Bc3 48. Kf4 Bd2+ 49. Kf3 Bc3 1/2-1/2

[Event "Frankfurt-ch"]
[Site "Frankfurt"]
[Date "2009.05.11"]
[Round "3"]
[White "Matthis, Peter"]
[Black "Waschke, Thomas"]
[Result "1-0"]
[WhiteElo "1843"]
[BlackElo "1584"]
[PlyCount "93"]
[EventDate "2009.04.27"]
[EventType "tourn"]
[EventRounds "7"]
[EventCountry "GER"]
[SourceTitle "EXT 2010"]
[Source "ChessBase"]
[SourceDate "2010.11.25"]
[SourceVersion "1"]
[SourceVersionDate "2010.11.25"]
[SourceQuality "1"]

1. e4 e5 2. Nf3 Nc6 3. Bb5 a6 4. Ba4 Nf6 5. 0-0 Be7 6. Re1 0-0 7. c3 d6 8. h3 b5 9. Bc2 Bb7 10. d4 Re8 11. Nbd2 Rc8 12. Qe2 Bf8 13. a4 b4 14. d5 bxc3 15. dxc6 cxd2 16. Bxd2 Bxc6 17. Qxa6 Qd7 18. b3 Ra8 19. Qd3 Reb8 20. Rad1 Qe8 21. Qc3 Bd7 22. Bd3 Qc8 23. Bc4 h6 24. Nh4 g5 25. Qf3 Kg7 26. Nf5+ Kg6 27. g4 Be6 28. Bxe6 Qxe6 29. Rb1 Nd7 30. h4 Be7 31. Nxe7+ Qxe7 32. Qf5+ Kg7 33. hxg5 hxg5 34. Bxg5 f6 35. Be3 Rh8 36. Kg2 Rh7 37. Rh1 Rah8 38. Rh5 Rxh5 39. gxh5 Qf7 40. h6+ Kf8 41. Kf3 Qh7 42. Qxh7 Rxh7 43. Kg4 c5 44. Kf5 Kf7 45. Rg1 Nb8 46. Rg6 Nd7 47. a5 1-0

[Event "Frankfurt-ch"]
[Site "Frankfurt"]
[Date "2006.05.08"]
[Round "3"]
[White "Waschke, Thomas"]
[Black "Ortiz Rodriguez, Jose"]
[Result "1-0"]
[WhiteElo "1615"]
[BlackElo "1301"]
[PlyCount "73"]
[EventDate "2006.04.24"]
[EventType "swiss"]
[EventRounds "7"]
[EventCountry "GER"]
[SourceTitle "EXT 2007"]
[Source "ChessBase"]
[SourceDate "2006.11.23"]
[SourceVersion "1"]
[SourceVersionDate "2006.11.23"]
[SourceQuality "1"]

1. e4 d6 2. d4 Nf6 3. Nc3 c6 4. Nf3 Nbd7 5. Bf4 Qa5 6. Bd2 e5 7. Bc4 Be7 8. 0-0 0-0 9. Re1 Qc7 10. h3 b5 11. Bb3 a5 12. a3 Bb7 13. Qe2 Nh5 14. d5 Nf4 15. Bxf4 exf4 16. dxc6 Bxc6 17. Nxb5 Bxb5 18. Qxb5 Nb6 19. Qd3 Bf6 20. c3 Rab8 21. Re2 Nd7 22. Ba2 Nc5 23. Qc4 a4 24. Nd4 h6 25. Rd1 Rbc8 26. Nb5 Qe7 27. Nxd6 Rc7 28. Qb4 Na6 29. Qxa4 Nb8 30. Red2 Be5 31. Nxf7 Rxf7 32. Bxf7+ Qxf7 33. Rd8+ Kh7 34. Qe8 Qb3 35. Qxe5 Nc6 36. Qf5+ g6 37. R1d7+ 1-0